Motivación y moral en la industria / (Record no. 141100)

MARC details
000 -LEADER
campo de control de longitud fija 00624nam a2200181 i 4500
001 - NÚMERO DE CONTROL
campo de control 141100
003 - IDENTIFICADOR DE NÚMERO DE CONTROL
campo de control ES-MaACL
005 - FECHA Y HORA DE LA ÚLTIMA TRANSACCIÓN
campo de control 20230906200224.0
007 - CAMPO FIJO DE DESCRIPCIÓN FÍSICA--INFORMACIÓN GENERAL
campo de control de longitud fija t|
008 - DATOS DE LONGITUD FIJA--INFORMACIÓN GENERAL
campo de control de longitud fija 070919s1970 sp ||||1| spa d
100 1# - ENTRADA PRINCIPAL--NOMBRE DE PERSONA
Nombre de persona Viteles, Morris S.
9 (RLIN) 115509
245 10 - MENCIÓN DEL TÍTULO
Título Motivación y moral en la industria /
Mención de responsabilidad, etc. por Morris S. Viteles ; prólogo y supervisión de J. Baruel Coll ; [traducción de: Ramón Lacambra Puig].
260 ## - PUBLICACIÓN, DISTRIBUCIÓN, ETC.
Lugar de publicación, distribución, etc. Barcelona :
Nombre del editor, distribuidor, etc. Hispano Europea,
Fecha de publicación, distribución, etc. [1970]
300 ## - DESCRIPCIÓN FÍSICA
Extensión XV, 634 p. ;
Dimensiones 22 cm.
700 1# - ENTRADA AGREGADA--NOMBRE PERSONAL
Nombre de persona Baruel Coll, J.
9 (RLIN) 26209
700 1# - ENTRADA AGREGADA--NOMBRE PERSONAL
Nombre de persona Lacambra Puig, Ramón.
9 (RLIN) 69322
852 ## - LOCALIZACIÓN
Ubicación ES-MaACL
Número de control de estantería C-38648
Sublocalización o colección R.74720
Holdings
Estatus retirado Estado de pérdida Estado de daño No para préstamo Biblioteca de origen Biblioteca actual Ubicación en estantería Fecha de adquisición Fuente de adquisición Total de préstamos Signatura topográfica completa Código de barras Visto por última vez Precio de reemplazo Tipo de ítem Koha
        Biblioteca del Ateneo de Madrid Biblioteca del Ateneo de Madrid Depósito 2 17/01/2008     C-38648 1146821 23/02/2023 23/02/2023 Libro impreso